|
|
|
|
| LEADER |
00000nab a2200000 4500 |
| 001 |
vtls012016496 |
| 003 |
SK-MaSNL |
| 005 |
20260304013333.0 |
| 008 |
210302|2019 xo |||| ||an ||00 0|slo |
| 015 |
|
|
|a SNBRB2021/03
|
| 040 |
|
|
|a SPKCL
|b slo
|e rda
|
| 041 |
|
|
|a slo
|b eng
|
| 044 |
|
|
|a xo
|c SK
|
| 072 |
|
7 |
|a 519.1/.8
|x Kombinatorika. Teória grafov. Matematická štatistika. Operačný výskum. Matematické modelovanie
|2 konspekt
|
| 080 |
|
|
|a 519.21:37.091.26-022.332
|2 2011
|
| 100 |
1 |
|
|a Gavala, Tadeáš
|4 aut
|9 1294218
|
| 245 |
1 |
0 |
|a Formatívne hodnotenie vo vyučovaní pravdepodobnosti
|c Tadeáš Gavala
|
| 300 |
|
|
|b Obrázky, tabuľky
|
| 336 |
|
|
|a text
|b txt
|2 rdacontent
|
| 337 |
|
|
|a bez média
|b n
|2 rdamedia
|
| 338 |
|
|
|a zväzok
|b nc
|2 rdacarrier
|
| 504 |
|
|
|a Obsahuje bibliografiu
|
| 546 |
|
|
|a Anglické resumé
|
| 650 |
0 |
7 |
|a matematika
|2 SNKPH
|9 70174
|
| 650 |
0 |
7 |
|a teória pravdepodobnosti
|2 SNKPH
|9 104068
|
| 650 |
0 |
7 |
|a formatívne hodnotenie žiakov
|2 SNKPH
|9 93187
|
| 650 |
0 |
7 |
|a výskum
|2 SNKPH
|9 4238
|
| 773 |
0 |
|
|t Edukácia (online )
|g Roč. 3, č. 1 (2019), s. 51-62
|x 1339-8725
|
| 856 |
4 |
1 |
|u //www.upjs.sk/edukacia/
|
| 958 |
|
|
|a NB
|
| 999 |
|
|
|c 2575350
|d 2577280
|